[Event "Fouesnant op 14th"]
[Site "Fouesnant"]
[Date "2008.10.28"]
[Round "4"]
[White "Mallejac, Germain"]
[Black "Louchouarn, Renan"]
[Result "0-1"]
[WhiteElo "1350"]
[BlackElo "1280"]
[PlyCount "102"]
[EventDate "2008.10.25"]
[EventType "swiss"]
[EventRounds "9"]
[EventCountry "FRA"]
[SourceTitle "EXT 2009"]
[Source "ChessBase"]
[SourceDate "2008.11.26"]
[SourceVersion "1"]
[SourceVersionDate "2008.11.26"]
[SourceQuality "1"]

1. d4 Nf6 2. Nf3 g6 3. e3 Bg7 4. c4 d6 5. Nc3 0-0 6. Be2 Nc6 7. 0-0 Bg4 8. Bd2 Bxf3 9. Bxf3 e5 10. Bxc6 bxc6 11. dxe5 dxe5 12. e4 Qe7 13. Re1 Rfd8 14. Qc2 Rd7 15. Bg5 Qe6 16. b3 Nh5 17. Rac1 Bf6 18. Bxf6 Qxf6 19. Re3 Rad8 20. Nb1 Nf4 21. Kh1 Rd4 22. Rf3 Qd6 23. h3 Qe7 24. Rg3 Nh5 25. Rf3 Nf6 26. Re3 h5 27. Re2 Nh7 28. Rd2 Ng5 29. f3 Qe6 30. Rxd4 exd4 31. Rd1 Nxh3 32. gxh3 Qxh3+ 33. Kg1 Qg3+ 34. Qg2 Qf4 35. Kf1 d3 36. Nd2 Qe5 37. Qf2 Qa5 38. a4 Kg7 39. Qe3 a6 40. e5 Qc3 41. Qg5 Re8 42. Qf6+ Kg8 43. f4 Qd4 44. Qg5 Qe3 45. Qg2 Qxf4+ 46. Nf3 Rxe5 47. Kg1 Re2 48. Qh3 Qe3+ 49. Kh1 Rf2 50. Rf1 d2 51. Ng1 Qxh3+ 0-1